000 00627nam a2200193Ia 4500
003 IN-BaIIA
008 211028s9999 xx 000 0 eng d
020 _a3-540-60897-4
040 _cIIA Library
080 _a048.1:52
_b63A & 63B
100 _aBurkhardt, G.
245 0 _aAstronomy and astrophysics abstracts
_bpt. 1, vol 63A, 63B; literature 1995
_cG. Burkhardt...[et.al]
260 _aBerlin
_bSpringer-Verlag
_c1996
300 _a1590p
650 _aAstronomy and Astrophysics Abstracts
_96052
700 _aesser, U.
_99455
700 _aHefele, H.
_99915
942 _cBK
999 _c11855
_d11855